Statistics for My top 10 players of all-time

Click here to take the quiz!

General Stats

  • This quiz has been taken 31 times
  • The average score is 7 of 10

Answer Stats

HintAnswer% Correct
2Cristiano Ronaldo
100%
1Lionel Messi
100%
5Pele
100%
4Ronaldo
100%
6Diego Maradona
83%
3Johan Cruyff
55%
8Franz Beckenbauer
48%
10George Best
34%
9Alfredo Di Stefano
31%
7Eusebio
24%

Score Distribution

Percentile by Number Answered

Percent of People with Each Score

Your Score History

You have not taken this quiz